Visualizing the Street : (Record no. 67414)

MARC details
000 -LEADER
fixed length control field 01915nam a2200217Ii 4500
008 - FIXED-LENGTH DATA ELEMENTS--GENERAL INFORMATION
fixed length control field 221202s xx 000 0 und d
245 #0 - TITLE STATEMENT
Title Visualizing the Street :
Remainder of title New Practices of Documenting, Navigating and Imagining the City
264 #1 - PRODUCTION, PUBLICATION, DISTRIBUTION, MANUFACTURE, AND COPYRIGHT NOTICE
Place of production, publication, distribution, manufacture Amsterdam
Name of producer, publisher, distributor, manufacturer Amsterdam University Press
Date of production, publication, distribution, manufacture, or copyright notice 2018
300 ## - PHYSICAL DESCRIPTION
Extent 1 online resource (224 pages)
336 ## - CONTENT TYPE
Content type term text
Content type code txt
Source rdacontent
337 ## - MEDIA TYPE
Media type term computer
Media type code c
Source rdamedia
338 ## - CARRIER TYPE
Carrier type term online resource
Carrier type code cr
Source rdacarrier
490 ## - SERIES STATEMENT
Series statement Cities and Cultures
520 ## - SUMMARY, ETC.
Summary, etc. From user generated images of street protests in Istanbul and Hong Kong, to professional architectural renderings of future streets, to GPS-tracked walks in London and Amsterdam, and the visualisation of Sydney's urban change via social media, this collection of essays analyses new practices of how we visualise the street. Today, new technologies allow everyone who carries a smartphone to play an increasingly significant role in the production, editing, and circulation of images and such a technological development has constructed new imaginaries of the street and has had a significant impact on the ways in which contemporary streets are understood, documented, navigated, mediated, and visualised. Visualizing the Street investigates the social and cultural significance of these new developments at the intersection of visual culture and urban space. The interdisciplinary essays provide new concepts, theories, and research methods that combine close analyses of street images with the study of the practices of their production, circulation, and ultimate consumption.
653 ## - INDEX TERM--UNCONTROLLED
Uncontrolled term Ethnic Studies
653 ## - INDEX TERM--UNCONTROLLED
Uncontrolled term Society & Culture: General
700 1# - ADDED ENTRY--PERSONAL NAME
Personal name Dibazar, Pedram
700 1# - ADDED ENTRY--PERSONAL NAME
Personal name Naeff, Judith
856 ## - ELECTRONIC LOCATION AND ACCESS
Uniform Resource Identifier <a href="https://library.oapen.org/bitstream/20.500.12657/24415/1/1005700.pdfhttp://www.aup.nl/do.php?a=show_visitor_home&l=2http://library.oapen.org/handle/20.500.12657/24415">https://library.oapen.org/bitstream/20.500.12657/24415/1/1005700.pdfhttp://www.aup.nl/do.php?a=show_visitor_home&l=2http://library.oapen.org/handle/20.500.12657/24415</a>
942 ## - ADDED ENTRY ELEMENTS (KOHA)
Koha item type E-Book
Holdings
Withdrawn status Damaged status Not for loan Home library Current library Date acquired Total Checkouts Date last seen Price effective from Koha item type
      Directory of Open Access Books Directory of Open Access Books 11/28/2022   11/28/2022 11/28/2022 E-Book

University of Rizal System
Email us at univlibservices@urs.edu.ph

Visit our Website www.urs.edu.ph/library